Избирательное право / (Record no. 513261)
[ view plain ]
| 000 -LEADER | |
|---|---|
| fixed length control field | 00619nam a2200181 u 4500 |
| 001 - CONTROL NUMBER | |
| control field | 000248592 |
| 003 - CONTROL NUMBER IDENTIFIER | |
| control field | AM-YEHGA |
| 005 - DATE AND TIME OF LATEST TRANSACTION | |
| control field | 20250617163825.0 |
| 008 - FIXED-LENGTH DATA ELEMENTS--GENERAL INFORMATION | |
| fixed length control field | 030718s1906 ai |||||||||||||rus d |
| 040 ## - CATALOGING SOURCE | |
| Original cataloging agency | AM-YeHGA |
| 090 ## - LOCALLY ASSIGNED LC-TYPE CALL NUMBER (OCLC); LOCAL CALL NUMBER (RLIN) | |
| -- | 516776 |
| 100 1# - MAIN ENTRY--PERSONAL NAME | |
| Personal name | Мейер, Георг |
| 245 10 - TITLE STATEMENT | |
| Title | Избирательное право / |
| Statement of responsibility, etc. | Георг Мейер ; С предисл. Георга Иеллинека. |
| 260 ## - PUBLICATION, DISTRIBUTION, ETC. | |
| Place of publication, distribution, etc. | Москва : |
| Name of publisher, distributor, etc. | Издание В.М. Саблина, |
| Date of publication, distribution, etc. | 1906. |
| 300 ## - PHYSICAL DESCRIPTION | |
| Extent | 245 с. |
| 650 14 - SUBJECT ADDED ENTRY--TOPICAL TERM | |
| Topical term or geographic name entry element | Право в целом |
| 700 1# - ADDED ENTRY--PERSONAL NAME | |
| Personal name | Иеллинек, Георг |
| Relator term | авт. предисл. |
| Relationship | aui |
| Withdrawn status | Lost status | Source of classification or shelving scheme | Damaged status | Not for loan | Collection | Home library | Current library | Date acquired | Total checkouts | Full call number | Barcode | Date last seen | Price effective from | Koha item type | Public note |
|---|---|---|---|---|---|---|---|---|---|---|---|---|---|---|---|
| Universal Decimal Classification | General | Fundamental Scientific Library | Fundamental Scientific Library | 27/07/2021 | PII/57268 | FL0654513 | 27/07/2021 | 27/07/2021 | Գրքեր / Books | 30 Days Loan |
ՀՀ Գիտությունների ազգային ակադեմիայի հիմնարար գիտական գրադարան = Fundamental Scientific Library of NAS RA
All site content, except where otherwise noted, is licensed under a